| 000 | 00441nam a2200169 4500 | ||
|---|---|---|---|
| 003 | SEACOMEC | ||
| 005 | 20250416134247.0 | ||
| 008 | 250416b |||||||| |||| 00| 0 eng d | ||
| 020 |
_a9788185749754 _c425.00 |
||
| 040 | _aSEACOMEC | ||
| 082 |
_a621.3815 _bG972 |
||
| 100 | _a Gupta, J B | ||
| 245 |
_aElectronic Devices And Circuits/ _cJ. B. Gupta |
||
| 250 | _a3rd ed. | ||
| 260 |
_aDelhi : _bS. K. Kataria & Sons, _c 2009 |
||
| 942 | _cBOOK | ||
| 999 |
_c2198 _d2198 |
||